Statistics for The Shark Quiz!!

Click here to take the quiz!

General Stats

  • This quiz has been taken 15,922 times
  • The average score is 13 of 20

Answer Stats

Hint Answer % Correct
Types of sharks that kill the most peopleGreat White Shark
96%
Type of shark whose unusually-shaped head gives it great peripheral visionHammerhead Shark
94%
The most famous shark movieJaws
90%
Countries with the most fatal shark attacksUnited States
86%
Largest type of sharkWhale Shark
85%
Countries with the most fatal shark attacksAustralia
85%
Sharks will go through 30,000 of these in a liftetimeTeeth
77%
Types of sharks that kill the most peopleTiger Shark
77%
Shark and tornado disaster movieSharknado
77%
Name the movie: "Fish are friends, not food"Finding Nemo
74%
Sharks don't have bones, they have thisCartilage
67%
Chinese dish that threatens shark populationsShark Fin Soup
64%
Station that Shark Week airs onDiscovery
57%
Gigantic whale-hunting shark that went extinct 1.5 million years agoMegalodon
56%
Countries with the most fatal shark attacksSouth Africa
55%
Types of sharks that kill the most peopleBull Shark
55%
It has been falsely claimed that sharks don't get this diseaseCancer
55%
What Dr. Evil wanted to put on sharks headsLasers
52%
Types of sharks that kill the most peopleOceanic Whitetip
17%
Fish that was used when sharks weren't available ^Sea Bass
12%

Score Distribution

Percentile by Number Answered

Percent of People with Each Score

Your Score History

You have not taken this quiz